Najczęstsze imiona kandydatów w wyborach na Prezydenta RP - Statystyki

Ogólne statystyki
  • Ten quiz został rozwiązany 53 razy
  • Średni wynik to 10 z 17
Statystyki odpowiedzi
Liczba kandydatów
o danym imieniu
Imię % Poprawnych
3 Andrzej (LEPPER, OLECHOWSKI, DUDA)
98%
2 Lech (WAŁĘSA, KACZYŃSKI)
92%
4 Jan (OLSZEWSKI, PIETRZAK, ŁOPUSZAŃSKI, PYSZKO)
79%
2 Grzegorz (NAPIERALSKI, BRAUN)
67%
2 Jarosław (KALINOWSKI, KACZYŃSKI)
67%
2 Krzysztof (BOSAK, STANOWSKI)
67%
2 Paweł (KUKIZ, TANAJNO)
67%
4 Marek (BOROWSKI, JUREK, JAKUBIAK, WOCH)
65%
2 Stanisław (TYMIŃSKI, ŻÓŁTEK)
65%
2 Janusz (KORWIN-MIKKE, PALIKOT)
56%
2 Magdalena (OGÓREK, BIEJAT)
54%
2 Adam (SŁOMKA, JARUBAS)
48%
4 Tadeusz (MAZOWIECKI, ZIELIŃSKI, KOŹLUK, WILECKI)
44%
2 Waldemar (PAWLAK, WITKOWSKI)
35%
2 Leszek (MOCZULSKI, BUBEL)
33%
2 Marian (KRZAKLEWSKI, KOWALSKI)
23%
2 Jacek (KUROŃ, WILK)
19%
Nie znaleziono quizów pasujących do podanych kryteriów
Rozkład punktacji
Procent ludzi z każdym wynikiem
Percentyl według liczby udzielonych odpowiedzi
Twoja historia wyników
Nie rozwiązałeś tego quizu